[Event "2. Bundesliga West 2015/16"]
[Site "-"]
[Date "2015.10.18"]
[Round "3"]
[Board "1"]
[White "Drabke, Lorenz"]
[Black "Froewis, Georg"]
[Result "1/2-1/2"]
[WhiteElo "2462"]
[BlackElo "2434"]
[PlyCount "112"]
[EventDate "2015.10.16"]
[EventType "team"]
[EventRounds "11"]
[EventCountry "AUT"]
[WhiteTeam "Dornbirn"]
[BlackTeam "Hohenems II"]

1. e4 e6 2. d3 d5 3. Nd2 c5 4. Ngf3 Nc6 5. g3 Bd6 6. Bg2 Nge7 7. O-O O-O 8. Nh4
Bd7 9. f4 f6 10. c3 Be8 11. Kh1 Bf7 12. Qe2 b5 13. Ndf3 Bh5 14. Qe3 d4 15. cxd4
cxd4 16. Nxd4 Nxd4 17. Qxd4 Rc8 18. Bh3 f5 19. Be3 Rc2 20. exf5 Nxf5 21. Nxf5
exf5 22. Rf2 Rc7 23. Qd5+ Bf7 24. Qxb5 Re8 25. Bd4 Bf8 26. Be5 Rc5 27. Qa4 Qxd3
28. Rd1 Qe3 29. Qd4 Qxd4 30. Bxd4 Rd8 31. Rfd2 Rcd5 32. Bc3 Bc5 33. Bg2 Rxd2
34. Rxd2 Rxd2 35. Bxd2 Bxa2 36. Bc3 Kf7 37. Bf3 g6 38. Kg2 Ke6 39. Kh3 Bc4 40.
g4 Bd3 41. Kg3 Bd6 42. h4 fxg4 43. Bxg4+ Kd5 44. Bc8 Ke4 45. Bb7+ Ke3 46. Be5
Bb4 47. Bb8 Bc5 48. h5 gxh5 49. Bc8 Bd4 50. b4 Ke4 51. Kh4 Bc3 52. Bb7+ Kf5 53.
Bc8+ Kg6 54. f5+ Bxf5 55. Bxf5+ Kxf5 56. Bxa7 Bxb4 1/2-1/2

[Event "2. Bundesliga West 2015/16"]
[Site "-"]
[Date "2015.10.18"]
[Round "3"]
[Board "2"]
[White "Baldauf, Marco"]
[Black "Schmidlechner, Alexander"]
[Result "1/2-1/2"]
[WhiteElo "2420"]
[BlackElo "2217"]
[PlyCount "104"]
[EventDate "2015.10.16"]
[EventType "team"]
[EventRounds "11"]
[EventCountry "AUT"]
[WhiteTeam "Hohenems II"]
[BlackTeam "Dornbirn"]

1. e4 g6 2. d4 Bg7 3. Nf3 c6 4. h3 d5 5. Nbd2 Nf6 6. e5 Ne4 7. Bd3 Nxd2 8. Bxd2
c5 9. c3 Nc6 10. O-O O-O 11. Be3 cxd4 12. cxd4 Qb6 13. Qd2 Nb4 14. Bb1 Bd7 15.
Bh6 Rac8 16. Re1 Rc7 17. Qf4 Nc2 18. Bxc2 Rxc2 19. Bxg7 Kxg7 20. Qh4 Qd8 21. e6
fxe6 22. Ng5 h6 23. Nxe6+ Bxe6 24. Rxe6 Rf6 25. Rae1 Rc7 26. Qg3 Kf7 27. Qe3 g5
28. h4 Qd7 29. Rxf6+ exf6 30. Qd3 Kg7 31. h5 Qf7 32. g4 f5 33. Qxf5 Qxf5 34.
gxf5 Kf6 35. Re5 Rc2 36. Rxd5 Rxb2 37. a4 Ra2 38. a5 g4 39. Kg2 Kg5 40. Rb5
Kxh5 41. Rxb7 Rxa5 42. f6 Kg6 43. f7 Kg7 44. Rd7 h5 45. d5 a6 46. Kg3 Ra2 47.
d6 Rd2 48. Kh4 Rd5 49. Ra7 Rxd6 50. Kxh5 Rf6 51. Kxg4 Rxf2 52. Rxa6 Rxf7
 1/2-1/2

[Event "2. Bundesliga West 2015/16"]
[Site "-"]
[Date "2015.10.18"]
[Round "3"]
[Board "3"]
[White "Klocker, Benedikt"]
[Black "Amann, Guenter"]
[Result "1-0"]
[WhiteElo "2192"]
[BlackElo "2347"]
[PlyCount "91"]
[EventDate "2015.10.16"]
[EventType "team"]
[EventRounds "11"]
[EventCountry "AUT"]
[WhiteTeam "Dornbirn"]
[BlackTeam "Hohenems II"]

1. d4 Nf6 2. g3 d5 3. c4 dxc4 4. Bg2 c6 5. Nf3 b5 6. a4 Bb7 7. Ne5 Qc8 8. b3
cxb3 9. Qxb3 e6 10. axb5 c5 11. Bxb7 Qxb7 12. Qf3 Qxf3 13. Nxf3 Nbd7 14. O-O
cxd4 15. Nxd4 Bc5 16. Nc6 Nb8 17. Ba3 Bxa3 18. Nxa3 Nxc6 19. bxc6 Ke7 20. Rfc1
Nd5 21. e4 Nc7 22. Rab1 Rab8 23. Rb7 Rxb7 24. cxb7 Kd7 25. Nc4 Rb8 26. Ne5+ Kd6
27. Nxf7+ Kd7 28. Ne5+ Kd6 29. Rc6+ Kxe5 30. Rxc7 g5 31. Rxh7 Kxe4 32. Kf1 g4
33. Ke2 a5 34. Rf7 Kd5 35. Rg7 Kc6 36. Rxg4 Rxb7 37. h4 Kb5 38. Kd3 Rc7 39. Rg8
a4 40. Ra8 Rf7 41. Ke3 Kb4 42. h5 a3 43. g4 Rf6 44. g5 Rf5 45. h6 Re5+ 46. Kf3
 1-0

[Event "2. Bundesliga West 2015/16"]
[Site "-"]
[Date "2015.10.18"]
[Round "3"]
[Board "4"]
[White "Burschowsky, Matthias"]
[Black "Novkovic, Julia"]
[Result "0-1"]
[WhiteElo "2208"]
[BlackElo "2156"]
[PlyCount "72"]
[EventDate "2015.10.16"]
[EventType "team"]
[EventRounds "11"]
[EventCountry "AUT"]
[WhiteTeam "Hohenems II"]
[BlackTeam "Dornbirn"]

1. Nf3 Nf6 2. g3 g6 3. Bg2 d6 4. d4 Bg7 5. O-O O-O 6. Nc3 Nbd7 7. Bf4 Nh5 8.
Bg5 h6 9. Be3 Nhf6 10. d5 Ne5 11. Nxe5 dxe5 12. Qd2 Kh7 13. Bc5 Nd7 14. Ba3 f5
15. e4 f4 16. f3 Nb6 17. Qd3 h5 18. Ne2 g5 19. Rad1 Bd7 20. c4 a6 21. b3 Nc8
22. c5 Na7 23. c6 bxc6 24. dxc6 Bxc6 25. Qxd8 Rfxd8 26. Bxe7 Rxd1 27. Rxd1 Bh6
28. gxf4 exf4 29. Bh3 g4 30. fxg4 f3 31. Nd4 Be3+ 32. Kf1 Bxe4 33. gxh5 Rg8 34.
Nxf3 Bxf3 35. Bf5+ Kh6 36. Bg6 Bxd1 0-1

[Event "2. Bundesliga West 2015/16"]
[Site "-"]
[Date "2015.10.18"]
[Round "3"]
[Board "5"]
[White "Proyer, Enno"]
[Black "Atlas, Dmitry"]
[Result "0-1"]
[WhiteElo "1906"]
[BlackElo "2220"]
[PlyCount "72"]
[EventDate "2015.10.16"]
[EventType "team"]
[EventRounds "11"]
[EventCountry "AUT"]
[WhiteTeam "Dornbirn"]
[BlackTeam "Hohenems II"]

1. d4 d5 2. c4 c6 3. Nf3 e6 4. e3 Nf6 5. b3 Bd6 6. Bd3 Nbd7 7. Bb2 O-O 8. Nbd2
b6 9. O-O Bb7 10. Ne5 Qe7 11. Qf3 Ne8 12. cxd5 cxd5 13. Bb5 Nxe5 14. dxe5 Bb4
15. Rfd1 Rc8 16. Bd4 Bc3 17. Rac1 Qb4 18. Bd7 Bxd2 19. Bxc8 Bxc1 20. Bxb7 Ba3
21. Qe2 Nc7 22. Ba1 Rb8 23. Qc2 Qc5 24. Qxc5 bxc5 25. Bc6 Na6 26. Kf1 Nb4 27.
Ba4 Nxa2 28. Ke2 Nc1+ 29. Kd2 Nxb3+ 30. Bxb3 Rxb3 31. Kc2 Rb8 32. Rd3 Bb4 33.
e4 d4 34. Kb3 Bc3+ 35. Ka2 Bxa1 36. Kxa1 Rd8 0-1

[Event "2. Bundesliga West 2015/16"]
[Site "-"]
[Date "2015.10.18"]
[Round "3"]
[Board "6"]
[White "Hofer, Emilian"]
[Black "Ausserer, Felix"]
[Result "1/2-1/2"]
[WhiteElo "2219"]
[BlackElo "1901"]
[PlyCount "104"]
[EventDate "2015.10.16"]
[EventType "team"]
[EventRounds "11"]
[EventCountry "AUT"]
[WhiteTeam "Hohenems II"]
[BlackTeam "Dornbirn"]

1. e4 c5 2. Nf3 d6 3. d4 cxd4 4. Nxd4 Nf6 5. Nc3 g6 6. Be3 Bg7 7. f3 O-O 8. Qd2
Nc6 9. Bc4 Re8 10. O-O-O a6 11. h4 Ne5 12. Bb3 h5 13. Bh6 Bh8 14. g4 hxg4 15.
h5 e6 16. f4 Nxh5 17. fxe5 dxe5 18. Nde2 Qxd2+ 19. Rxd2 Bg7 20. Bxg7 Nxg7 21.
a4 b6 22. Bc4 f5 23. Rg1 Kf7 24. Kd1 Ke7 25. Nc1 Bb7 26. Nd3 Kf6 27. Rf2 b5 28.
Bb3 b4 29. Nxb4 Nh5 30. Rxg4 Rad8+ 31. Ke1 Nf4 32. Rg3 Rh8 33. Nd3 Rh1+ 34. Rf1
Rxf1+ 35. Kxf1 g5 36. Bc4 Rd4 37. b3 a5 38. Ke1 Bxe4 39. Ne2 Nxe2 40. Kxe2 g4
41. c3 Rd8 42. Ne1 Rg8 43. Bd3 Bb7 44. b4 f4 45. Rg1 e4 46. Bc2 Ke5 47. b5 g3
48. Bb3 f3+ 49. Ke3 f2 50. Rf1 fxe1=Q+ 51. Rxe1 Rf8 52. Bd1 g2 1/2-1/2

[Event "2. Bundesliga West 2015/16"]
[Site "-"]
[Date "2015.10.18"]
[Round "3"]
[Board "1"]
[White "Schramm, Christian"]
[Black "Krivoborodov, Egor"]
[Result "0-1"]
[WhiteElo "2397"]
[BlackElo "2522"]
[PlyCount "57"]
[EventDate "2015.10.16"]
[EventType "team"]
[EventRounds "11"]
[EventCountry "AUT"]
[WhiteTeam "SIR Bernhard 2"]
[BlackTeam "ASK Salzburg"]

1. e4 c5 2. Nf3 e6 3. d4 cxd4 4. Nxd4 d6 5. Nc3 Nc6 6. Be2 Nf6 7. O-O Be7 8.
Kh1 O-O 9. f4 a6 10. Nxc6 bxc6 11. b3 d5 12. Bd3 c5 13. Qf3 Bb7 14. Bb2 Qc7 15.
e5 Nd7 16. Qh3 g6 17. f5 exf5 18. Rxf5 d4 19. Rh5 dxc3 20. Bxc3 Qc6 21. Rg1 Qe6
22. Qg3 Rad8 23. Bf5 Qc6 24. Rh6 Kg7 25. Rh3 Rh8 26. Bxd7 Rxd7 27. e6+ Rd4 28.
exf7 Bf6 29. Qe3 0-1

[Event "2. Bundesliga West 2015/16"]
[Site "-"]
[Date "2015.10.18"]
[Round "3"]
[Board "2"]
[White "Westermeier, Arnulf"]
[Black "Nestorovic, Nikola"]
[Result "0-1"]
[WhiteElo "2266"]
[BlackElo "2470"]
[PlyCount "63"]
[EventDate "2015.10.16"]
[EventType "team"]
[EventRounds "11"]
[EventCountry "AUT"]
[WhiteTeam "ASK Salzburg"]
[BlackTeam "SIR Bernhard 2"]

1. e4 e5 2. Nc3 Nf6 3. g3 d5 4. exd5 Nxd5 5. Bg2 Nxc3 6. bxc3 Nc6 7. Nf3 Bc5 8.
O-O O-O 9. Re1 Bg4 10. h3 Bh5 11. d3 f5 12. Qe2 Bb6 13. Be3 Qf6 14. Qd2 h6 15.
Kh2 Rad8 16. Ng1 e4 17. Bxb6 axb6 18. d4 Na5 19. Ne2 g5 20. g4 fxg4 21. Ng3 Bg6
22. Bxe4 gxh3 23. Kxh3 Bxe4 24. Rxe4 Qxf2 25. Qxf2 Rxf2 26. Re7 Rdf8 27. Rxc7
R8f4 28. Nh5 Rh4+ 29. Kg3 Rf7 30. Rxf7 Kxf7 31. Rf1+ Kg6 32. Nf6 0-1

[Event "2. Bundesliga West 2015/16"]
[Site "-"]
[Date "2015.10.18"]
[Round "3"]
[Board "3"]
[White "Durakovic, Alman"]
[Black "Harringer, Franz"]
[Result "1-0"]
[WhiteElo "2314"]
[BlackElo "2239"]
[PlyCount "45"]
[EventDate "2015.10.16"]
[EventType "team"]
[EventRounds "11"]
[EventCountry "AUT"]
[WhiteTeam "SIR Bernhard 2"]
[BlackTeam "ASK Salzburg"]

1. d4 d5 2. c4 Nc6 3. Nc3 dxc4 4. Nf3 a6 5. e4 b5 6. a4 b4 7. Nb1 Bg4 8. Bxc4
e6 9. Be3 Nf6 10. Qd3 Qc8 11. Nbd2 Be7 12. O-O O-O 13. Rac1 Rd8 14. Qc2 Na5 15.
Bd3 Ne8 16. Ne5 Bh5 17. Ndc4 Nxc4 18. Qxc4 Qb7 19. Nc6 Rd7 20. Nxe7+ Rxe7 21.
Qc5 Nd6 22. Qxh5 Nxe4 23. Qh4 1-0

[Event "2. Bundesliga West 2015/16"]
[Site "-"]
[Date "2015.10.18"]
[Round "3"]
[Board "4"]
[White "Besner, Bernhard"]
[Black "Velickovic, Zoran"]
[Result "1/2-1/2"]
[WhiteElo "2211"]
[BlackElo "2398"]
[PlyCount "109"]
[EventDate "2015.10.16"]
[EventType "team"]
[EventRounds "11"]
[EventCountry "AUT"]
[WhiteTeam "ASK Salzburg"]
[BlackTeam "SIR Bernhard 2"]

1. e4 c5 2. c3 d5 3. exd5 Qxd5 4. d4 g6 5. Nf3 Bg7 6. Na3 Nf6 7. Bc4 Qe4+ 8.
Be3 O-O 9. O-O cxd4 10. Qxd4 Qf5 11. Qh4 Nc6 12. Rad1 Qg4 13. h3 Qxh4 14. Nxh4
a6 15. Nf3 b5 16. Bb3 Na5 17. Bc5 Nxb3 18. axb3 Re8 19. Rfe1 e6 20. c4 Bb7 21.
cxb5 Bxf3 22. gxf3 axb5 23. b4 Reb8 24. Bd4 Nd5 25. Bxg7 Kxg7 26. Rd4 Ra4 27.
Ree4 Ra7 28. Re2 Ra4 29. Ree4 Rb7 30. Kg2 g5 31. Nb1 Nf4+ 32. Kh2 f5 33. Re5
Ra2 34. Rd2 Kf6 35. Rc5 Ra1 36. Nc3 Re1 37. Rxb5 Rxb5 38. Nxb5 Nd5 39. Nd4 Nxb4
40. Nc2 Nxc2 41. Rxc2 f4 42. Kg2 Rb1 43. Rd2 h5 44. Rc2 Kf5 45. Rc5+ e5 46. Rb5
Re1 47. Rb8 Rb1 48. b4 g4 49. Rf8+ Kg5 50. hxg4 hxg4 51. Rg8+ Kf6 52. Rf8+ Ke7
53. Rb8 gxf3+ 54. Kxf3 Ke6 55. Re8+ 1/2-1/2

[Event "2. Bundesliga West 2015/16"]
[Site "-"]
[Date "2015.10.18"]
[Round "3"]
[Board "5"]
[White "Pflug, Mathias"]
[Black "Juergens, Klaus"]
[Result "1-0"]
[WhiteElo "2259"]
[BlackElo "2161"]
[PlyCount "85"]
[EventDate "2015.10.16"]
[EventType "team"]
[EventRounds "11"]
[EventCountry "AUT"]
[WhiteTeam "SIR Bernhard 2"]
[BlackTeam "ASK Salzburg"]

1. e4 c5 2. Nf3 Nc6 3. d4 cxd4 4. Nxd4 g6 5. Nc3 Bg7 6. Be3 Nf6 7. Bc4 O-O 8.
Bb3 d6 9. f3 Bd7 10. Qd2 Nxd4 11. Bxd4 b5 12. h4 a5 13. h5 a4 14. Bd5 e5 15. h6
Bh8 16. Bxa8 exd4 17. Nd5 Re8 18. Nxf6+ Bxf6 19. Bd5 Bh4+ 20. Ke2 Bf6 21. Kf2
Be6 22. Bc6 Bd7 23. Bxd7 Qxd7 24. Rae1 Qa7 25. Kg3 Qc5 26. a3 g5 27. Kh3 Re6
28. g3 Be5 29. Qxg5+ Kf8 30. f4 Qc8 31. Re2 Rxh6+ 32. Kg2 Rxh1 33. Kxh1 Qh3+
34. Kg1 f6 35. Qh4 Qxh4 36. gxh4 Bxf4 37. Re1 Ke7 38. Kf2 Ke6 39. Ke2 Bg3 40.
Rh1 Ke5 41. Kf3 Bf4 42. Rg1 h6 43. Rg8 1-0

[Event "2. Bundesliga West 2015/16"]
[Site "-"]
[Date "2015.10.18"]
[Round "3"]
[Board "6"]
[White "Herrmann, Michael"]
[Black "Wieneroiter, Gerald"]
[Result "1/2-1/2"]
[WhiteElo "2103"]
[BlackElo "2140"]
[PlyCount "82"]
[EventDate "2015.10.16"]
[EventType "team"]
[EventRounds "11"]
[EventCountry "AUT"]
[WhiteTeam "ASK Salzburg"]
[BlackTeam "SIR Bernhard 2"]

1. c4 c6 2. Nf3 d5 3. b3 Nf6 4. Bb2 Bf5 5. g3 Nbd7 6. Bg2 e6 7. O-O h6 8. d3
Be7 9. Nbd2 O-O 10. Rc1 a5 11. a3 Bh7 12. Rc2 dxc4 13. Rxc4 Nd5 14. Qa1 Bf6 15.
d4 Nc7 16. Rd1 Nb5 17. Rcc1 Qb8 18. e4 Rd8 19. Ne1 Nf8 20. Nc4 Qa7 21. Nc2 Rd7
22. a4 Nc7 23. Ne5 Bxe5 24. dxe5 Rad8 25. Bd4 c5 26. Be3 b6 27. Na3 Qb7 28. f3
Na6 29. Nc4 Qb8 30. Nd6 Ng6 31. Bf1 Nxe5 32. Qxe5 Nb4 33. Bf4 Nc6 34. Qa1 e5
35. Bxe5 Nxe5 36. Qxe5 Rxd6 37. Qa1 Rd4 38. Bc4 Kf8 39. Bd5 Rxd1+ 40. Rxd1 f6
41. Rd3 Bg8 1/2-1/2

[Event "2. Bundesliga West 2015/16"]
[Site "-"]
[Date "2015.10.18"]
[Round "3"]
[Board "1"]
[White "Roeberg, Frank"]
[Black "Bertagnolli, Alexander"]
[Result "1/2-1/2"]
[WhiteElo "2249"]
[BlackElo "2343"]
[PlyCount "27"]
[EventDate "2015.10.16"]
[EventType "team"]
[EventRounds "11"]
[EventCountry "AUT"]
[WhiteTeam "Schwarzach"]
[BlackTeam "Kufstein/Woergl"]

1. e4 c5 2. Nc3 e6 3. Nf3 Qb6 4. d4 cxd4 5. Nxd4 Bc5 6. Be3 Nc6 7. Ndb5 Bxe3 8.
fxe3 Qxe3+ 9. Be2 Kd8 10. Qd6 Nf6 11. Qc7+ Ke7 12. Qd6+ Kd8 13. Qc7+ Ke7 14.
Qd6+ 1/2-1/2

[Event "2. Bundesliga West 2015/16"]
[Site "-"]
[Date "2015.10.18"]
[Round "3"]
[Board "2"]
[White "Levushkina, Elena"]
[Black "Ruecker, Benjamin"]
[Result "1-0"]
[WhiteElo "2299"]
[BlackElo "2269"]
[PlyCount "69"]
[EventDate "2015.10.16"]
[EventType "team"]
[EventRounds "11"]
[EventCountry "AUT"]
[WhiteTeam "Kufstein/Woergl"]
[BlackTeam "Schwarzach"]

1. e4 c5 2. c3 Nf6 3. e5 Nd5 4. Nf3 e6 5. Bc4 d6 6. d4 cxd4 7. cxd4 Be7 8. O-O
Nc6 9. Qe2 O-O 10. Nc3 Nxc3 11. bxc3 dxe5 12. dxe5 Qa5 13. Bd2 Rd8 14. a4 Qc7
15. Bd3 b6 16. Bf4 Bb7 17. Rfd1 Na5 18. Rac1 Bxf3 19. Qxf3 Nb3 20. Rb1 Nc5 21.
Bc2 Rxd1+ 22. Rxd1 Rc8 23. h4 g6 24. h5 Nd7 25. Qg3 Nf8 26. Rd3 Qc4 27. Bg5
Bxg5 28. Qxg5 Qe4 29. Qg3 Qe1+ 30. Kh2 Qc1 31. Bd1 Rc4 32. Kg1 Rxa4 33. Rd8 Rf4
34. Qg5 f5 35. Qh6 1-0

[Event "2. Bundesliga West 2015/16"]
[Site "-"]
[Date "2015.10.18"]
[Round "3"]
[Board "3"]
[White "Ljubic, Juro"]
[Black "Koepke, Christian"]
[Result "0-1"]
[WhiteElo "2213"]
[BlackElo "2322"]
[PlyCount "60"]
[EventDate "2015.10.16"]
[EventType "team"]
[EventRounds "11"]
[EventCountry "AUT"]
[WhiteTeam "Schwarzach"]
[BlackTeam "Kufstein/Woergl"]

1. e4 c5 2. Nf3 d6 3. d4 cxd4 4. Nxd4 Nf6 5. Nc3 g6 6. Be3 a6 7. f3 b5 8. Qd2
Bb7 9. O-O-O Nbd7 10. g4 h6 11. g5 hxg5 12. Bxg5 Bg7 13. Bg2 Nc5 14. f4 b4 15.
Nb1 Nfxe4 16. Bxe4 Bxe4 17. Rhe1 Qc7 18. Qe2 O-O 19. Nd2 d5 20. Nxe4 dxe4 21.
Kb1 e5 22. Nb3 exf4 23. Nxc5 Qxc5 24. Bxf4 Rfe8 25. Bd6 Qc6 26. Bxb4 Rab8 27.
Qd2 e3 28. Qd6 Qxd6 29. Bxd6 Rxb2+ 30. Kc1 Rc8 0-1

[Event "2. Bundesliga West 2015/16"]
[Site "-"]
[Date "2015.10.18"]
[Round "3"]
[Board "4"]
[White "Maurer, Jochen"]
[Black "Stoeckl, Norbert"]
[Result "1-0"]
[WhiteElo "2254"]
[BlackElo "2094"]
[PlyCount "55"]
[EventDate "2015.10.16"]
[EventType "team"]
[EventRounds "11"]
[EventCountry "AUT"]
[WhiteTeam "Kufstein/Woergl"]
[BlackTeam "Schwarzach"]

1. e4 c5 2. Nf3 e6 3. c3 d5 4. exd5 Qxd5 5. d4 Nf6 6. Be3 cxd4 7. cxd4 Nc6 8.
Nc3 Qd8 9. a3 Bd6 10. Bd3 h6 11. O-O O-O 12. Rc1 b6 13. Bb1 Bb7 14. Qd3 Ne7 15.
Nd2 Nf5 16. Nde4 g6 17. h3 Kg7 18. Ba2 Rc8 19. Rfd1 Ne7 20. Nxf6 Kxf6 21. Bxh6
Rh8 22. Qd2 Rxh6 23. Qxh6 Nf5 24. Qd2 Kg7 25. d5 Qh4 26. Qd3 Bf4 27. Rc2 Qg5
28. Ne4 1-0

[Event "2. Bundesliga West 2015/16"]
[Site "-"]
[Date "2015.10.18"]
[Round "3"]
[Board "5"]
[White "Cardaklija, Mirsad"]
[Black "Neuschmied, Siegfried"]
[Result "0-1"]
[WhiteElo "2060"]
[BlackElo "2246"]
[PlyCount "78"]
[EventDate "2015.10.16"]
[EventType "team"]
[EventRounds "11"]
[EventCountry "AUT"]
[WhiteTeam "Schwarzach"]
[BlackTeam "Kufstein/Woergl"]

1. e4 d6 2. c4 g6 3. Nc3 Bg7 4. h3 c5 5. Nf3 Nc6 6. d3 e6 7. Be2 Nge7 8. Be3
Nd4 9. O-O O-O 10. Qd2 Re8 11. Bxd4 cxd4 12. Nb5 Nc6 13. a4 a6 14. Na3 f5 15.
exf5 gxf5 16. b4 Qf6 17. b5 Nd8 18. Qb4 e5 19. Nc2 a5 20. Qa3 b6 21. Rfe1 Ra7
22. Bd1 Rae7 23. Nh2 Nb7 24. Bh5 Rf8 25. Bf3 Nc5 26. Bd5+ Kh8 27. f3 Bh6 28.
Nf1 Rg7 29. Re2 Bd7 30. Kh1 Bf4 31. Ne1 Qg5 32. Qb2 Rf6 33. Nh2 Rh6 34. g4 Rxh3
35. Rg2 Qh4 36. Kg1 Bg3 37. Qe2 Bxe1 38. Rxe1 Nxd3 39. Rd1 Nf4 0-1

[Event "2. Bundesliga West 2015/16"]
[Site "-"]
[Date "2015.10.18"]
[Round "3"]
[Board "6"]
[White "Kranewitter, Norbert"]
[Black "Ljubic, Franjo Jun."]
[Result "1-0"]
[WhiteElo "2049"]
[BlackElo "1863"]
[PlyCount "83"]
[EventDate "2015.10.16"]
[EventType "team"]
[EventRounds "11"]
[EventCountry "AUT"]
[WhiteTeam "Kufstein/Woergl"]
[BlackTeam "Schwarzach"]

1. e4 g6 2. Nc3 Bg7 3. f4 d6 4. Nf3 Nf6 5. Bc4 O-O 6. d3 c6 7. O-O d5 8. Bb3 a5
9. e5 Nfd7 10. d4 b5 11. a4 b4 12. Ne2 Ba6 13. Kh1 e6 14. g4 c5 15. c3 c4 16.
Bc2 b3 17. Bb1 f5 18. exf6 Nxf6 19. h3 Nc6 20. Ng5 Bc8 21. Ng3 Qd6 22. Kg2 Ne7
23. Nf3 Nd7 24. h4 Bh6 25. g5 Bg7 26. h5 Nf5 27. Bxf5 exf5 28. Rh1 Kf7 29. Nh4
Rh8 30. Qf3 Nb6 31. Re1 Bd7 32. Bd2 Nxa4 33. Rxa4 Bxa4 34. Ngxf5 gxf5 35. Nxf5
Qd7 36. Re7+ Qxe7 37. Nxe7 Kxe7 38. Qxd5 Rhc8 39. Qe4+ Kf8 40. Qxh7 Bc6+ 41.
Kg3 Re8 42. h6 1-0

[Event "2. Bundesliga West 2015/16"]
[Site "Bludenz"]
[Date "2015.11.28"]
[Round "4"]
[Board "1"]
[White "Vogel, Roven"]
[Black "Lanka, Zigurds"]
[Result "0-1"]
[WhiteElo "2408"]
[BlackElo "2422"]
[PlyCount "110"]
[EventDate "2015.10.16"]
[EventType "team"]
[EventRounds "11"]
[EventCountry "AUT"]
[WhiteTeam "Dornbirn"]
[BlackTeam "Zillertal"]

1. Nf3 Nf6 2. d4 g6 3. Bg5 Bg7 4. Nbd2 c5 5. Bxf6 Bxf6 6. Ne4 Qb6 7. Nxf6+ Qxf6
8. c3 d6 9. e3 O-O 10. Be2 cxd4 11. cxd4 Nc6 12. d5 Nb4 13. a3 Na6 14. Nd4 Bd7
15. O-O Nc5 16. b4 Na4 17. Qd2 Rfc8 18. Rac1 Qg7 19. f4 Qf8 20. e4 Rxc1 21.
Rxc1 Rc8 22. Bd1 Nb6 23. Bb3 Qd8 24. h3 Rc7 25. Rf1 Qf8 26. e5 Qg7 27. e6 fxe6
28. dxe6 Ba4 29. Ba2 Rc8 30. Rf3 Bc6 31. Nxc6 bxc6 32. f5 Rf8 33. Bb1 Nc4 34.
Qf4 d5 35. h4 Kh8 36. Bc2 gxf5 37. Rg3 Qa1+ 38. Kh2 Qe5 39. Qxe5+ Nxe5 40. Rg5
Ng4+ 41. Kg3 Ne3 42. Ba4 Rf6 43. Bxc6 h6 44. Rh5 Kg7 45. Bd7 Rf8 46. Bb5 Kg6
47. Be2 d4 48. Kf4 Nxg2+ 49. Kg3 Ne3 50. Kf4 d3 51. Bf3 Ng4 52. Bxg4 fxg4+ 53.
Kxg4 Rd8 54. Rf5 d2 55. h5+ Kg7 0-1

[Event "2. Bundesliga West 2015/16"]
[Site "Bludenz"]
[Date "2015.11.28"]
[Round "4"]
[Board "2"]
[White "Hausner, Ivan"]
[Black "Drabke, Lorenz"]
[Result "1/2-1/2"]
[WhiteElo "2332"]
[BlackElo "2462"]
[PlyCount "54"]
[EventDate "2015.10.16"]
[EventType "team"]
[EventRounds "11"]
[EventCountry "AUT"]
[WhiteTeam "Zillertal"]
[BlackTeam "Dornbirn"]

1. d4 d5 2. c4 c6 3. cxd5 cxd5 4. Nc3 Nf6 5. Bf4 a6 6. e3 Qb6 7. a3 Bd7 8. b4
e6 9. Bd3 Bd6 10. Na4 Bxa4 11. Qxa4+ Nbd7 12. Ne2 O-O 13. O-O Rac8 14. Rfc1
Bxf4 15. Nxf4 Qd6 16. Qd1 g6 17. Rxc8 Rxc8 18. Rc1 Rc6 19. Rxc6 Qxc6 20. Qc2
Qxc2 21. Bxc2 Kf8 22. Nd3 b6 23. Kf1 Ne4 24. Ke2 Nc3+ 25. Kd2 Ne4+ 26. Ke2 Nc3+
27. Kd2 Ne4+ 1/2-1/2

[Event "2. Bundesliga West 2015/16"]
[Site "Bludenz"]
[Date "2015.11.28"]
[Round "4"]
[Board "3"]
[White "Novkovic, Milan"]
[Black "Tabernig, Bernhard"]
[Result "1/2-1/2"]
[WhiteElo "2380"]
[BlackElo "2328"]
[PlyCount "86"]
[EventDate "2015.10.16"]
[EventType "team"]
[EventRounds "11"]
[EventCountry "AUT"]
[WhiteTeam "Dornbirn"]
[BlackTeam "Zillertal"]

1. Nf3 Nf6 2. g3 d5 3. Bg2 c6 4. O-O h6 5. d3 Bf5 6. b3 e6 7. Bb2 Nbd7 8. Nbd2
Bc5 9. c4 O-O 10. a3 a5 11. Bc3 Qe7 12. Qc1 Rfe8 13. Qb2 e5 14. e4 Bh7 15. exd5
cxd5 16. d4 exd4 17. Bxd4 dxc4 18. Nxc4 Bxd4 19. Nxd4 Nc5 20. Rfd1 Ng4 21. h3
Ne5 22. Nb5 Nxc4 23. bxc4 Rad8 24. Rd5 Bd3 25. Qc3 Rxd5 26. Bxd5 b6 27. Nd4 Qf6
28. Rd1 Bf5 29. Qf3 Bxh3 30. g4 Qxf3 31. Bxf3 h5 32. gxh5 Rd8 33. Bd5 Bg4 34.
Rb1 Rd6 35. Nc6 Nd7 36. Re1 Kf8 37. Kg2 Bxh5 38. Rh1 Nf6 39. Rb1 Nxd5 40. cxd5
Rxd5 41. Rxb6 Ke8 42. Ra6 Rg5+ 43. Kf1 Rc5 1/2-1/2

[Event "2. Bundesliga West 2015/16"]
[Site "Bludenz"]
[Date "2015.11.28"]
[Round "4"]
[Board "4"]
[White "Kupfner, Franz"]
[Black "Schmidlechner, Alexander"]
[Result "0-1"]
[WhiteElo "2200"]
[BlackElo "2217"]
[PlyCount "72"]
[EventDate "2015.10.16"]
[EventType "team"]
[EventRounds "11"]
[EventCountry "AUT"]
[WhiteTeam "Zillertal"]
[BlackTeam "Dornbirn"]

1. Nf3 d5 2. e3 Nf6 3. b3 Bf5 4. Bb2 e6 5. c4 h6 6. Nc3 Be7 7. d4 c6 8. Bd3
Bxd3 9. Qxd3 Nbd7 10. O-O O-O 11. e4 dxe4 12. Nxe4 Nxe4 13. Qxe4 Nf6 14. Qe2 a5
15. Ne5 a4 16. Qc2 Nd7 17. Nxd7 Qxd7 18. bxa4 Ra7 19. Rfd1 Rfa8 20. d5 cxd5 21.
cxd5 exd5 22. Qb3 Qxa4 23. Qg3 Bf8 24. h3 Qc2 25. Bd4 Rxa2 26. Rac1 Qe4 27. Rb1
R2a4 28. Be3 R8a6 29. Rb6 Rxb6 30. Bxb6 Ra6 31. Qc7 Qe6 32. Bd4 Qc6 33. Qb8 Qa4
34. Rd2 b5 35. Qe5 Qc4 36. g3 Qc1+ 0-1

[Event "2. Bundesliga West 2015/16"]
[Site "Bludenz"]
[Date "2015.11.28"]
[Round "4"]
[Board "5"]
[White "Leutwyler, Martin"]
[Black "Schiestl, Josef"]
[Result "1/2-1/2"]
[WhiteElo "2190"]
[BlackElo "2128"]
[PlyCount "39"]
[EventDate "2015.10.16"]
[EventType "team"]
[EventRounds "11"]
[EventCountry "AUT"]
[WhiteTeam "Dornbirn"]
[BlackTeam "Zillertal"]

1. d4 Nf6 2. c4 g6 3. Nc3 Bg7 4. e4 d6 5. h3 O-O 6. Nf3 e5 7. d5 a5 8. g4 Na6
9. Be3 Nc5 10. Nd2 c6 11. Be2 a4 12. a3 Qa5 13. Kf1 Ne8 14. h4 f5 15. gxf5 gxf5
16. exf5 Bxf5 17. Bg4 Bd3+ 18. Be2 Bf5 19. Bg4 Bd3+ 20. Be2 1/2-1/2

[Event "2. Bundesliga West 2015/16"]
[Site "Bludenz"]
[Date "2015.11.28"]
[Round "4"]
[Board "6"]
[White "Kroell, Johannes"]
[Black "Proyer, Enno"]
[Result "1/2-1/2"]
[WhiteElo "2196"]
[BlackElo "1906"]
[PlyCount "100"]
[EventDate "2015.10.16"]
[EventType "team"]
[EventRounds "11"]
[EventCountry "AUT"]
[WhiteTeam "Zillertal"]
[BlackTeam "Dornbirn"]

1. Nc3 d5 2. e3 Nf6 3. f4 g6 4. Nf3 Bg7 5. d4 O-O 6. Be2 b6 7. O-O Bb7 8. b3 c5
9. Bb2 Nc6 10. Ne5 cxd4 11. exd4 Rc8 12. Bf3 e6 13. Ba3 Nxe5 14. fxe5 Rxc3 15.
Bxf8 Kxf8 16. exf6 Qxf6 17. Kh1 Qxd4 18. Qxd4 Bxd4 19. Rad1 e5 20. Rd2 Rc5 21.
c4 Ba6 22. b4 Rxc4 23. Bxd5 Rc7 24. Rb1 Ke7 25. g3 Kd6 26. Bf3 Rc3 27. Kg2 Kc7
28. b5 Bc8 29. Bd5 f5 30. Rbb2 Rc5 31. Rbc2 Kd6 32. Bg8 h6 33. Rxc5 bxc5 34.
Rd3 Bb7+ 35. Kf1 Bd5 36. Bxd5 Kxd5 37. Ra3 c4 38. Ra6 c3 39. Ke2 f4 40. gxf4
exf4 41. Rc6 g5 42. Kd3 f3 43. Rc8 Bc5 44. Rc7 g4 45. Kxc3 Bd6 46. Rxa7 Bxh2
47. Kd3 g3 48. Rg7 g2 49. Ke3 g1=Q+ 50. Rxg1 Bxg1+ 1/2-1/2